[Event "12th EUR-ch"]
[Site "Aix-les-Bains FRA"]
[Date "2011.03.30"]
[Round "8.84"]
[White "Tate, Alan"]
[Black "Le Roux, Jean-Pierre"]
[Result "0-1"]
[WhiteElo "2300"]
[BlackElo "2538"]
[EventDate "2011.03.22"]
[PlyCount "63"]

1.e4 e5 2.Nf3 Nc6 3.Bb5 Nf6 4.d3 d6 5.c3 Be7 6.O-O O-O 7.Re1 Bd7 8.Ba4 h6 
9.h3 Re8 10.Nbd2 Bf8 11.Nf1 Ne7 12.Bc2 Ng6 13.Ng3 c5 14.d4 cxd4 15.cxd4 
exd4 16.Qxd4 Qc7 17.Bb3 d5 18.e5 Bc5 19.Qc3 d4 20.Nxd4 Rxe5 21.Be3 Qb6 22.
Qd3 Nd5 23.Bxd5 Rxd5 24.Rad1 Re8 25.Nge2 Rd6 26.Qb1 Ne5 27.b3 Kh8 28.Nc3 
Rg6 29.Kh1 Bb4 30.Nde2 Qc6 31.Rg1 Nf3 32.gxf3 0-1

[Event "12th EUR-ch"]
[Site "Aix-les-Bains FRA"]
[Date "2011.03.30"]
[Round "8.85"]
[White "Apicella, Manuel"]
[Black "Houska, Jovanka"]
[Result "1-0"]
[WhiteElo "2531"]
[BlackElo "2419"]
[EventDate "2011.03.22"]
[PlyCount "93"]

1.c4 c6 2.Nf3 d5 3.b3 Bf5 4.Bb2 e6 5.g3 Nf6 6.Bg2 Bd6 7.O-O O-O 8.d3 Qe7 
9.Nh4 Bg6 10.a3 a5 11.Nd2 Nbd7 12.Qc2 Bh5 13.Rfe1 Rfd8 14.d4 Qf8 15.c5 Be7
16.b4 axb4 17.axb4 Rxa1 18.Bxa1 Ra8 19.Bc3 Ne8 20.Nhf3 Nc7 21.e3 Bg6 22.
Qb3 Bd3 23.Bb2 Bb5 24.Nb1 Bc4 25.Qc2 f5 26.Nfd2 Ba6 27.f3 Bf6 28.e4 dxe4 
29.fxe4 e5 30.d5 cxd5 31.exd5 e4 32.d6 Nd5 33.Bh3 g6 34.Nxe4 fxe4 35.Be6+ 
Kg7 36.Bxd5 Re8 37.Nd2 Bd3 38.Qb3 Kh6 39.Nxe4 Bxe4 40.Rxe4 Rxe4 41.Bxe4 b6
42.c6 Qe8 43.Qe3+ Bg5 44.Qe2 Nf6 45.d7 Qe7 46.Bf3 Qd6 47.Qd1 1-0

[Event "12th EUR-ch"]
[Site "Aix-les-Bains FRA"]
[Date "2011.03.30"]
[Round "8.86"]
[White "Conquest, Stuart"]
[Black "Kreisl, Robert"]
[Result "1/2-1/2"]
[WhiteElo "2529"]
[BlackElo "2394"]
[EventDate "2011.03.22"]
[PlyCount "85"]

1.e4 c6 2.Ne2 d5 3.e5 c5 4.d4 Nc6 5.c3 cxd4 6.cxd4 Bf5 7.Nbc3 e6 8.Ng3 Bg6
9.Be3 Nge7 10.Rc1 Nc8 11.Be2 Be7 12.O-O O-O 13.Na4 Nb6 14.Nc5 Bxc5 15.Rxc5
Rc8 16.f4 Ne7 17.Qc1 Na4 18.Rxc8 Qxc8 19.Qd2 Qc2 20.Qb4 Nf5 21.Nxf5 Bxf5 
22.Bd1 Qd3 23.Kf2 Nb6 24.Be2 Qe4 25.b3 Rc8 26.Rc1 Rxc1 27.Bxc1 Qc2 28.Qd2 
Qb1 29.Ba3 h6 30.Bd1 Nd7 31.Bd6 Nf8 32.Kg3 g5 33.fxg5 hxg5 34.Bxf8 Kxf8 
35.Bf3 Be4 36.Qxg5 Qe1+ 37.Kh3 Bf5+ 38.Bg4 Bxg4+ 39.Qxg4 Qd2 40.g3 Qxa2 
41.Qh4 Qxb3 42.Qd8+ Kg7 43.Qf6+ 1/2-1/2

[Event "12th EUR-ch"]
[Site "Aix-les-Bains FRA"]
[Date "2011.03.30"]
[Round "8.87"]
[White "Cmilyte, Viktorija"]
[Black "Getz, Nicolai"]
[Result "1/2-1/2"]
[WhiteElo "2526"]
[BlackElo "2333"]
[EventDate "2011.03.22"]
[PlyCount "110"]

1.c4 e6 2.Nc3 d5 3.d4 Be7 4.Nf3 Nf6 5.Bf4 O-O 6.e3 c5 7.dxc5 Bxc5 8.a3 Nc6
9.Rc1 Be7 10.cxd5 exd5 11.Be2 h6 12.O-O Be6 13.Nd4 Nxd4 14.Qxd4 a6 15.Bf3 
Qa5 16.Rfd1 Rfc8 17.h3 Rc4 18.Qd3 Rac8 19.Rb1 Rd8 20.Ne2 Ne4 21.Nd4 Bf6 
22.Nxe6 fxe6 23.Bxe4 Rxe4 24.f3 Rc4 25.Qg6 Qb5 26.b3 Rc3 27.Be5 Bxe5 28.
Qxe6+ Kh8 29.Qxe5 Rxb3 30.Rxb3 Qxb3 31.Rc1 Qxa3 32.Rc7 Qf8 33.Rxb7 Re8 34.
Qd4 Qf6 35.Qxf6 gxf6 36.Kf2 Ra8 37.Rf7 a5 38.Rxf6 a4 39.Rxh6+ Kg7 40.Rc6 
a3 41.Rc1 a2 42.Ra1 Kf6 43.g4 Ke5 44.h4 d4 45.exd4+ Kxd4 46.h5 Ke5 47.Kg3 
Kf6 48.Kh4 Ra7 49.f4 Ra8 50.f5 Kg7 51.Kg5 Ra3 52.f6+ Kf7 53.Kh6 Ra8 54.Kg5
Ra5+ 55.Kh6 Ra8 1/2-1/2

[Event "12th EUR-ch"]
[Site "Aix-les-Bains FRA"]
[Date "2011.03.30"]
[Round "8.89"]
[White "Shengelia, David"]
[Black "Sahitaj, Naim"]
[Result "1-0"]
[WhiteElo "2573"]
[BlackElo "2235"]
[EventDate "2011.03.22"]
[PlyCount "84"]

1.d4 Nf6 2.Nf3 d5 3.c4 e6 4.g3 b6 5.Bg2 Bb7 6.O-O dxc4 7.Qa4+ Nbd7 8.Nc3 
a6 9.Qxc4 b5 10.Qd3 c5 11.Rd1 c4 12.Qc2 Be7 13.a3 Qb6 14.e4 O-O 15.Be3 Ng4
16.Bf4 Ngf6 17.d5 exd5 18.e5 Nh5 19.Bg5 f6 20.Be3 Bc5 21.Nxd5 Bxd5 22.Rxd5
Bxe3 23.Rxd7 Bc5 24.e6 Rae8 25.Nh4 Kh8 26.Ng6+ hxg6 27.Qxg6 Bxf2+ 28.Kh1 
Be3 29.Qxh5+ Bh6 30.e7 Rg8 31.Qg6 Qe3 32.Rf1 f5 33.Qf7 g6 34.g4 Bg5 35.
gxf5 Rxe7 36.Rxe7 Qxe7 37.fxg6 Qxf7 38.gxf7 Rf8 39.Bb7 Kg7 40.Bxa6 Rb8 41.
Bxb5 Bf6 42.Bxc4 Bxb2 1-0

[Event "12th EUR-ch"]
[Site "Aix-les-Bains FRA"]
[Date "2011.03.30"]
[Round "8.90"]
[White "Zuger, Beat"]
[Black "Sumets, Andrey"]
[Result "1/2-1/2"]
[WhiteElo "2417"]
[BlackElo "2610"]
[EventDate "2011.03.22"]
[PlyCount "58"]

1.c4 c6 2.Nf3 d5 3.e3 Nf6 4.Nc3 a6 5.Qc2 e6 6.d4 c5 7.dxc5 Bxc5 8.a3 dxc4 
9.Bxc4 Nbd7 10.b4 Be7 11.Bb2 b5 12.Be2 Bb7 13.O-O O-O 14.Rfd1 Qc7 15.Rac1 
Rac8 16.Qb1 Qb8 17.Ng5 Rfd8 18.Nce4 Rxc1 19.Rxc1 h6 20.Nxf6+ Bxf6 21.Nf3 
Bxb2 22.Qxb2 Bxf3 23.Bxf3 Ne5 24.Be2 Nd3 25.Bxd3 Rxd3 26.Kf1 e5 27.Rc3 e4 
28.Rxd3 exd3 29.Qc3 Qxh2 1/2-1/2

[Event "12th EUR-ch"]
[Site "Aix-les-Bains FRA"]
[Date "2011.03.30"]
[Round "8.91"]
[White "Kovacevic, Aleksandar"]
[Black "Shirazi, Kamran"]
[Result "1-0"]
[WhiteElo "2598"]
[BlackElo "2403"]
[EventDate "2011.03.22"]
[PlyCount "80"]

1.e4 c5 2.Nf3 e6 3.d4 cxd4 4.Nxd4 Nf6 5.Nc3 Bb4 6.e5 Nd5 7.Bd2 Bxc3 8.bxc3
d6 9.Qg4 O-O 10.Bh6 g6 11.Bxf8 Qxf8 12.Qg3 dxe5 13.Qxe5 Qa3 14.Nb3 Nc6 15.
Qg3 Qb2 16.Bc4 Qxc2 17.Bxd5 exd5 18.O-O Bf5 19.Rfd1 Rd8 20.h3 Qb2 21.Rd2 
Qa3 22.Re1 h5 23.Qc7 Rd7 24.Re8+ Kg7 25.Qf4 Rd6 26.Rde2 Bd3 27.R2e3 Be4 
28.f3 Bf5 29.Rh8 Re6 30.Qh6+ Kf6 31.g4 Qxa2 32.g5+ Ke7 33.Qf8+ Kd7 34.
Qxf7+ Kd6 35.Rxe6+ Bxe6 36.Qf4+ Ne5 37.Qf8+ Kc7 38.Qb8+ Kb6 39.Qxe5 Bxh3 
40.Qd6+ Kb5 1-0

[Event "12th EUR-ch"]
[Site "Aix-les-Bains FRA"]
[Date "2011.03.30"]
[Round "8.92"]
[White "Battaglini, Gabriel"]
[Black "Yakovich, Yuri"]
[Result "0-1"]
[WhiteElo "2413"]
[BlackElo "2546"]
[EventDate "2011.03.22"]
[PlyCount "63"]

1.e4 c5 2.c3 Nf6 3.e5 Nd5 4.d4 cxd4 5.cxd4 d6 6.f4 Nc6 7.Nc3 dxe5 8.fxe5 
Bf5 9.a3 e6 10.Nf3 Be7 11.Bd3 O-O 12.Bxf5 exf5 13.O-O Qd7 14.Qd3 Rad8 15.
Bd2 Qe6 16.Rae1 Rd7 17.Ne2 Rfd8 18.Ng3 f4 19.Ne2 Qg6 20.Qb3 Qf5 21.g3 fxg3
22.Ng5 Qg4 23.Nxf7 Rf8 24.Nd6 gxh2+ 25.Kxh2 Qe6 26.Rxf8+ Bxf8 27.Nxb7 Rf7 
28.Rg1 Nxd4 29.Nxd4 Qxe5+ 30.Rg3 Qxd4 31.Bc3 Qh4+ 32.Kg2 0-1

[Event "12th EUR-ch"]
[Site "Aix-les-Bains FRA"]
[Date "2011.03.30"]
[Round "8.101"]
[White "Fargere, Francois"]
[Black "Milliet, Sophie"]
[Result "1/2-1/2"]
[WhiteElo "2520"]
[BlackElo "2369"]
[EventDate "2011.03.22"]
[PlyCount "45"]

1.Nf3 Nf6 2.g3 d5 3.Bg2 c6 4.O-O Bg4 5.d4 e6 6.Nbd2 Nbd7 7.Re1 Be7 8.e4 
dxe4 9.Nxe4 O-O 10.Nxf6+ Bxf6 11.h3 Bxf3 12.Bxf3 Bg5 13.c3 Bxc1 14.Rxc1 
Qb6 15.Qb3 Rfd8 16.Kg2 Nf6 17.Re5 Nd7 18.Re2 Nf6 19.Rce1 h6 20.Re5 Nd7 21.
R5e2 Nf6 22.h4 Rac8 23.Qxb6 1/2-1/2

[Event "12th EUR-ch"]
[Site "Aix-les-Bains FRA"]
[Date "2011.03.30"]
[Round "8.102"]
[White "Martinovic, Sasa"]
[Black "Rozhko, Dmitry"]
[Result "1-0"]
[WhiteElo "2504"]
[BlackElo "2365"]
[EventDate "2011.03.22"]
[PlyCount "49"]

1.d4 d5 2.c4 c6 3.Nc3 Nf6 4.e3 e6 5.Nf3 Nbd7 6.Qc2 Bd6 7.g4 h6 8.Rg1 Qe7 
9.h4 dxc4 10.Bxc4 b5 11.Be2 Bb7 12.e4 e5 13.g5 hxg5 14.hxg5 Nh5 15.Be3 g6 
16.O-O-O a6 17.dxe5 Nxe5 18.Nxe5 Bxe5 19.Bxh5 Rxh5 20.f4 Rh3 21.fxe5 Rxe3 
22.Rh1 Kf8 23.Qf2 Qxg5 24.Kb1 Rxc3 25.Rd7 1-0

[Event "12th EUR-ch"]
[Site "Aix-les-Bains FRA"]
[Date "2011.03.30"]
[Round "8.103"]
[White "Gallagher, Joseph"]
[Black "Maevsky, Nikolay"]
[Result "1-0"]
[WhiteElo "2500"]
[BlackElo "2342"]
[EventDate "2011.03.22"]
[PlyCount "67"]

1.e4 c6 2.d4 d5 3.Nc3 dxe4 4.Nxe4 Bf5 5.Ng3 Bg6 6.Nf3 Nd7 7.Bc4 e6 8.O-O 
Ngf6 9.Re1 Be7 10.Nh4 Nb6 11.Bb3 a5 12.c3 O-O 13.a3 a4 14.Nxg6 hxg6 15.Ba2
c5 16.Be3 Nbd5 17.Qf3 Qb6 18.dxc5 Bxc5 19.Bxc5 Qxc5 20.Ne4 Qb6 21.Rab1 
Rfd8 22.Ng5 Rd7 23.Qh3 Rad8 24.Qh4 Qc5 25.Nf3 b5 26.Ne5 Re7 27.Rbd1 Ree8 
28.Rd3 Nh5 29.Rf3 Rf8 30.Nxf7 Rde8 31.Ng5 Rxf3 32.Nxf3 Ndf4 33.Qg5 Qc6 34.
Nd4 1-0

[Event "12th EUR-ch"]
[Site "Aix-les-Bains FRA"]
[Date "2011.03.30"]
[Round "8.104"]
[White "Lobzhanidze, Davit"]
[Black "Fejzullahu, Afrim"]
[Result "1/2-1/2"]
[WhiteElo "2489"]
[BlackElo "2341"]
[EventDate "2011.03.22"]
[PlyCount "148"]

1.e4 e5 2.Nf3 Nc6 3.Bb5 a6 4.Ba4 Nf6 5.d3 d6 6.c3 g6 7.O-O Bg7 8.Re1 O-O 
9.Nbd2 Nh5 10.Bxc6 bxc6 11.d4 Nf4 12.Nc4 Qe7 13.Bxf4 exf4 14.d5 cxd5 15.
exd5 Qf6 16.Na5 Bd7 17.Nc6 Bxc6 18.dxc6 Rab8 19.Rb1 Rb6 20.Qd5 Rb5 21.Qd3 
Rb6 22.Qd5 Rb5 23.Qd3 Rb6 24.a4 Qd8 25.Qc4 Qa8 26.Re7 Rxc6 27.Qxf4 Rc5 28.
Rbe1 Qc6 29.Qg4 Bf6 30.R7e2 Rc4 31.Re4 Rxe4 32.Qxe4 Qxe4 33.Rxe4 Rb8 34.
Re2 Kf8 35.Kf1 Rb6 36.Ke1 Rc6 37.Nd2 d5 38.Kd1 d4 39.cxd4 Bxd4 40.Nf3 Bf6 
41.b3 Rc3 42.Re3 Rxe3 43.fxe3 Ke7 44.Ke2 Ke6 45.Ne1 Kd5 46.Kd3 Be5 47.h3 
f5 48.Nc2 Bd6 49.Nd4 c6 50.Nc2 Be5 51.Ne1 g5 52.g4 fxg4 53.hxg4 h6 54.Nf3 
Bd6 55.e4+ Kc5 56.Nd4 a5 57.Nf5 Be5 58.Nxh6 Kb4 59.Nf7 Bf6 60.e5 Be7 61.
Nd6 Kxb3 62.Nf5 Bf8 63.e6 c5 64.e7 Bxe7 65.Nxe7 c4+ 66.Kd2 Kxa4 67.Kc3 Kb5
68.Nd5 a4 69.Nc7+ Kc5 70.Ne6+ Kd5 71.Nxg5 a3 72.Nf3 Ke4 73.g5 Kf5 74.Kc2 
Kg6 1/2-1/2

[Event "12th EUR-ch"]
[Site "Aix-les-Bains FRA"]
[Date "2011.03.30"]
[Round "8.105"]
[White "Paichadze, Luka"]
[Black "Denisov, Ivan"]
[Result "1/2-1/2"]
[WhiteElo "2487"]
[BlackElo "2300"]
[EventDate "2011.03.22"]
[PlyCount "124"]

1.e4 c5 2.Nf3 d6 3.d4 cxd4 4.Qxd4 a6 5.Be3 Nf6 6.Nc3 e5 7.Qd2 Be7 8.O-O-O 
O-O 9.Bg5 Nbd7 10.Kb1 Rb8 11.Qc1 b5 12.Bxf6 Nxf6 13.Nxe5 Bb7 14.Nf3 Bxe4 
15.Bd3 Bxf3 16.gxf3 b4 17.Ne2 Nd7 18.Rhg1 Bf6 19.Ng3 g6 20.f4 Bg7 21.f5 
Nc5 22.Nh5 Qh4 23.Nxg7 Kxg7 24.Rg3 Rfe8 25.Rdg1 Nxd3 26.Rxd3 Qxf2 27.Rf1 
Qh4 28.Rxd6 a5 29.Qd2 Rb5 30.f6+ Kg8 31.Rd8 Re5 32.b3 Qh3 33.Rd1 h6 34.Qd6
Qf3 35.a3 Re6 36.Rxe8+ Rxe8 37.axb4 axb4 38.Rd3 Qf1+ 39.Rd1 Qf5 40.Qe7 Qe6
41.Rd8 Rxd8 42.Qxd8+ Kh7 43.Qe7 g5 44.Qxb4 Qxf6 45.Qc4 Kg7 46.b4 Kf8 47.
Qc5+ Ke8 48.b5 Kd7 49.c4 Qd6 50.Qa7+ Kc8 51.Qxf7 Qxh2 52.Qe8+ Kc7 53.Qc6+ 
Kb8 54.c5 Qg1+ 55.Kc2 Qf2+ 56.Kd3 Qg3+ 57.Kc4 Qf4+ 58.Kd3 Qg3+ 59.Kd4 Qf4+
60.Kd5 Qf3+ 61.Kd6 Qf6+ 62.Kd5 Qf3+ 1/2-1/2

[Event "12th EUR-ch"]
[Site "Aix-les-Bains FRA"]
[Date "2011.03.30"]
[Round "8.106"]
[White "Libiszewski, Fabien"]
[Black "Giffard, Nicolas"]
[Result "1-0"]
[WhiteElo "2481"]
[BlackElo "2318"]
[EventDate "2011.03.22"]
[PlyCount "115"]

1.e4 c6 2.c4 e5 3.Nf3 d6 4.d4 Bg4 5.Be2 Bxf3 6.Bxf3 Be7 7.O-O Nf6 8.Nc3 
O-O 9.g3 a6 10.Ne2 Nbd7 11.Bg2 b5 12.Qc2 bxc4 13.Qxc4 Qb6 14.dxe5 dxe5 15.
b3 Bc5 16.Nc3 Bd4 17.Ba3 Ng4 18.Bxf8 Rxf8 19.Bh3 Bxf2+ 20.Kh1 Ne3 21.Qe2 
Nxf1 22.Bxd7 Bd4 23.Rxf1 Bxc3 24.Qc4 Qb5 25.Bxc6 Qxc4 26.bxc4 Bb4 27.Bd5 
g6 28.Rf6 a5 29.Rc6 Re8 30.c5 Re7 31.Kg2 Kg7 32.g4 a4 33.Kf3 Ra7 34.g5 h6 
35.h4 hxg5 36.hxg5 Ra5 37.Rc7 Rxc5 38.Rxf7+ Kh8 39.Rf6 Kg7 40.Re6 Bc3 41.
Re7+ Kh8 42.Bf7 Bd2 43.Kg4 Rc1 44.Bxg6 Rg1+ 45.Kf5 Bxg5 46.Ra7 Bd8 47.Be8 
Rg5+ 48.Ke6 Bb6 49.Rxa4 Kg7 50.Rb4 Bd4 51.a4 Rg1 52.a5 Ra1 53.Ra4 Rc1 54.
a6 Rc7 55.Kd6 Ra7 56.Bc6 Rf7 57.Bd5 Rf6+ 58.Kc7 1-0

[Event "12th EUR-ch"]
[Site "Aix-les-Bains FRA"]
[Date "2011.03.30"]
[Round "8.107"]
[White "Kadric, Denis"]
[Black "Bagirov, Rufat"]
[Result "0-1"]
[WhiteElo "2379"]
[BlackElo "2476"]
[EventDate "2011.03.22"]
[PlyCount "108"]

1.e4 e6 2.d4 d5 3.Nd2 Nf6 4.e5 Nfd7 5.Bd3 c5 6.c3 Nc6 7.Ngf3 Qb6 8.O-O 
cxd4 9.cxd4 Be7 10.Nb3 h6 11.Be3 Nb4 12.Be2 a5 13.a3 Nc6 14.a4 Ndb8 15.
Nfd2 Na6 16.Nb1 Bd7 17.Nc3 O-O 18.Nb5 f6 19.exf6 Rxf6 20.Rc1 Ncb4 21.Nc5 
Bc6 22.Bg4 Bxb5 23.axb5 Nxc5 24.dxc5 Qxb5 25.Bd4 Rg6 26.Bh5 Rg5 27.h4 Rxh5
28.Qxh5 Nc6 29.Bxg7 Kxg7 30.Rc3 Bxc5 31.Rg3+ Kf6 32.Qxh6+ Ke7 33.Rg7+ Kd6 
34.Qh7 Nd8 35.Rc7 Qe8 36.h5 b6 37.Qg7 Nc6 38.Re1 Rd8 39.Rb7 Rd7 40.Rxd7+ 
Qxd7 41.Qg3+ e5 42.h6 Bd4 43.Rc1 Qf5 44.Qa3+ Nb4 45.Qf3 Qf4 46.Rc8 Qxh6 
47.Qf7 Nc6 48.g3 Kc5 49.Qc7 e4 50.Kg2 Qf6 51.Kh3 Bxf2 52.Qd7 Qg6 53.Qc7 e3
54.Rb8 Qxg3+ 0-1

[Event "12th EUR-ch"]
[Site "Aix-les-Bains FRA"]
[Date "2011.03.30"]
[Round "8.108"]
[White "Goganov, Aleksey"]
[Black "Boric, Elena"]
[Result "1-0"]
[WhiteElo "2469"]
[BlackElo "2292"]
[EventDate "2011.03.22"]
[PlyCount "45"]

1.d4 f5 2.g3 Nf6 3.Bg2 d6 4.Nf3 g6 5.O-O Bg7 6.c4 O-O 7.Nc3 Qe8 8.d5 Na6 
9.Nd4 Bd7 10.Rb1 c6 11.dxc6 bxc6 12.b4 e5 13.Nb3 Qe6 14.b5 Qxc4 15.Bb2 Nb4
16.Na5 Qe6 17.bxc6 Be8 18.Ba3 Nxa2 19.Nd5 e4 20.Nc7 Qc8 21.Nxa8 Qxa8 22.
Qxd6 Bf7 23.c7 1-0

[Event "12th EUR-ch"]
[Site "Aix-les-Bains FRA"]
[Date "2011.03.30"]
[Round "8.109"]
[White "Stella, Andrea"]
[Black "Beikert, Gunther"]
[Result "1/2-1/2"]
[WhiteElo "2364"]
[BlackElo "2465"]
[EventDate "2011.03.22"]
[PlyCount "89"]

1.Nf3 Nf6 2.c4 c5 3.Nc3 e6 4.e4 Nc6 5.Be2 e5 6.d3 d6 7.O-O Be7 8.Nd5 O-O 
9.a3 a5 10.Rb1 a4 11.b4 axb3 12.Qxb3 Nxd5 13.cxd5 Nd4 14.Nxd4 exd4 15.Bd2 
Ra6 16.f4 Qc7 17.f5 Bf6 18.a4 Qe7 19.Rf3 Bg5 20.Bxg5 Qxg5 21.f6 g6 22.Bd1 
h6 23.Qb2 Kh7 24.Bb3 Rb6 25.Qa2 h5 26.a5 Rb4 27.Bc4 Bg4 28.Rff1 Rxb1 29.
Rxb1 Qe3+ 30.Qf2 Ra8 31.h3 Bc8 32.Qxe3 dxe3 33.Rb5 g5 34.Kf1 Kg6 35.Ke2 
Kxf6 36.Kxe3 Ke5 37.Bb3 h4 38.Bc4 Ra6 39.Bb3 Ra7 40.Bc4 Ra8 41.Bb3 f5 42.
exf5 Kxf5 43.d4 cxd4+ 44.Kxd4 Kf6 45.Bd1 1/2-1/2

[Event "12th EUR-ch"]
[Site "Aix-les-Bains FRA"]
[Date "2011.03.30"]
[Round "8.110"]
[White "Wittmann, Walter"]
[Black "Delorme, Axel"]
[Result "1/2-1/2"]
[WhiteElo "2291"]
[BlackElo "2458"]
[EventDate "2011.03.22"]
[PlyCount "57"]

1.e4 e5 2.Nf3 Nc6 3.Bb5 Nf6 4.O-O Nxe4 5.d4 Nd6 6.dxe5 Nxb5 7.a4 Nxe5 8.
Nxe5 Nd6 9.Nc3 Be7 10.Nd5 O-O 11.Re1 Nf5 12.Nxe7+ Nxe7 13.Qe2 d6 14.Nxf7 
Rxf7 15.Bg5 Kf8 16.Ra3 h6 17.Bxe7+ Rxe7 18.Rf3+ Rf7 19.Rxf7+ Kxf7 20.Qh5+ 
Kf8 21.Re3 Bd7 22.Qd5 g6 23.Rf3+ Bf5 24.g4 Qg5 25.Qd4 Kg8 26.Qc4+ Kh8 27.
Qc3+ Kg8 28.Qc4+ Kh8 29.Qc3+ 1/2-1/2

[Event "12th EUR-ch"]
[Site "Aix-les-Bains FRA"]
[Date "2011.03.30"]
[Round "8.111"]
[White "Hagen, Andreas Skytte"]
[Black "Vernay, Clovis"]
[Result "1/2-1/2"]
[WhiteElo "2290"]
[BlackElo "2449"]
[EventDate "2011.03.22"]
[PlyCount "84"]

1.e4 e6 2.d4 d5 3.Nc3 Nf6 4.e5 Nfd7 5.f4 c5 6.Nf3 Nc6 7.Be3 Rb8 8.Be2 Be7 
9.O-O O-O 10.Qd2 a6 11.Rad1 b5 12.a3 b4 13.axb4 cxd4 14.Nxd4 Nxd4 15.Bxd4 
Rxb4 16.Kh1 Nb8 17.Na2 Rb7 18.Nc1 Nc6 19.Bg1 a5 20.Nd3 Rb8 21.Qe3 Ba6 22.
f5 Bg5 23.Qh3 exf5 24.Qxf5 g6 25.Qf3 Rc8 26.c3 Bc4 27.Bc5 Nxe5 28.Nxe5 
Bxe2 29.Qxe2 Rxc5 30.Nxf7 Qe7 31.Qxe7 Bxe7 32.Ne5 Rb5 33.Rxf8+ Bxf8 34.Rd2
Bg7 35.Nf3 g5 36.h3 h6 37.Kg1 a4 38.Nd4 Bxd4+ 39.Rxd4 Rxb2 40.Rxa4 Rc2 41.
Rd4 Rxc3 42.Rxd5 Kg7 1/2-1/2

[Event "12th EUR-ch"]
[Site "Aix-les-Bains FRA"]
[Date "2011.03.30"]
[Round "8.112"]
[White "Kurmann, Oliver"]
[Black "Rouler, Charly"]
[Result "1/2-1/2"]
[WhiteElo "2446"]
[BlackElo "2291"]
[EventDate "2011.03.22"]
[PlyCount "86"]

1.e4 c5 2.Nf3 e6 3.d4 cxd4 4.Nxd4 a6 5.Bd3 Nf6 6.O-O d6 7.c4 Be7 8.Nc3 O-O
9.Qe2 Nbd7 10.f4 Qc7 11.Kh1 b6 12.Bd2 Bb7 13.f5 exf5 14.Nxf5 Rfe8 15.Nd5 
Bxd5 16.cxd5 Bf8 17.Rac1 Qd8 18.Nd4 Qb8 19.Nc6 Qb7 20.Qf3 Nc5 21.Rce1 Nxd3
22.Qxd3 Nd7 23.Bc3 Ne5 24.Bxe5 dxe5 25.Rf5 f6 26.g4 Bd6 27.g5 fxg5 28.Rxg5
Rf8 29.Reg1 Rae8 30.Qg3 Rf7 31.h4 Qd7 32.h5 h6 33.Rg6 Kh8 34.b4 Ref8 35.
Rxd6 Qxd6 36.Nxe5 Qxb4 37.Nxf7+ Rxf7 38.Qg4 Qc3 39.d6 Rf4 40.Qxf4 Qh3+ 41.
Qh2 Qf3+ 42.Rg2 Qd1+ 43.Qg1 Qxh5+ 1/2-1/2

[Event "12th EUR-ch"]
[Site "Aix-les-Bains FRA"]
[Date "2011.03.30"]
[Round "8.113"]
[White "Freuler, Roman"]
[Black "Gutov, Andrey"]
[Result "0-1"]
[WhiteElo "2071"]
[BlackElo "2445"]
[EventDate "2011.03.22"]
[PlyCount "48"]

1.e4 e5 2.Nf3 Nc6 3.d4 exd4 4.Nxd4 Nf6 5.Nxc6 bxc6 6.Bd3 d5 7.Nd2 Bc5 8.
O-O O-O 9.c4 Re8 10.Qc2 Qd6 11.Re1 g6 12.cxd5 cxd5 13.exd5 Qxd5 14.b4 Bb7 
15.Nf3 Bd6 16.Bg5 Ne4 17.Bxe4 Rxe4 18.Qc3 Rg4 19.Bh6 Be5 20.Qxe5 Qxe5 21.
Nxe5 Rxg2+ 22.Kh1 Rxf2+ 23.Kg1 Rg2+ 24.Kh1 Rg3+ 0-1

[Event "12th EUR-ch"]
[Site "Aix-les-Bains FRA"]
[Date "2011.03.30"]
[Round "8.115"]
[White "Haznedaroglu, Kivanc"]
[Black "Houriez, Clement"]
[Result "0-1"]
[WhiteElo "2440"]
[BlackElo "2252"]
[EventDate "2011.03.22"]
[PlyCount "80"]

1.e4 c5 2.Nf3 d6 3.d4 Nf6 4.Nc3 cxd4 5.Qxd4 Nc6 6.Bb5 Bd7 7.Bxc6 Bxc6 8.
Bg5 e6 9.O-O-O Be7 10.Qd3 Qa5 11.h4 h6 12.Bd2 Qa6 13.Qxa6 bxa6 14.Rde1 Ng4
15.Nd4 Bd7 16.f3 Ne5 17.b3 O-O 18.g4 Rfc8 19.g5 h5 20.f4 Ng4 21.Re2 g6 22.
Rd1 Rc5 23.Nb1 a5 24.Kb2 Rb8 25.a3 Bf8 26.Bc3 e5 27.Nf3 Be6 28.fxe5 dxe5 
29.a4 Be7 30.Ka2 Rbc8 31.Rd3 R8c7 32.Kb2 Bc8 33.Rd5 Ba6 34.Red2 Rxd5 35.
Rxd5 Bb7 36.Rxa5 Bxe4 37.Nxe5 Ne3 38.Rb5 Nd1+ 39.Ka1 Nxc3 40.Rb8+ Kg7 0-1

[Event "12th EUR-ch"]
[Site "Aix-les-Bains FRA"]
[Date "2011.03.30"]
[Round "8.116"]
[White "Javakhishvili, Lela"]
[Black "Sreeves, Clement"]
[Result "1-0"]
[WhiteElo "2437"]
[BlackElo "2135"]
[EventDate "2011.03.22"]
[PlyCount "65"]

1.d4 e6 2.g3 f5 3.Bg2 Nf6 4.c4 Be7 5.Nh3 O-O 6.Nc3 d6 7.Nf4 c6 8.Nd3 Nbd7 
9.Bf4 Nh5 10.e4 Nxf4 11.Nxf4 Nb6 12.exf5 e5 13.Ne6 Bxe6 14.fxe6 Nxc4 15.
O-O d5 16.b3 exd4 17.Ne2 d3 18.bxc4 dxc4 19.Nc3 Qd4 20.Qd2 Rad8 21.a4 Rf6 
22.Rab1 b6 23.Rfe1 Rdf8 24.Re4 Rxf2 25.Rxd4 Rxd2 26.Rxc4 Rc2 27.Rd1 b5 28.
Rxc6 b4 29.Nd5 Bg5 30.Nxb4 Be3+ 31.Kh1 Rff2 32.Nxc2 dxc2 33.Rd8+ 1-0

[Event "12th EUR-ch"]
[Site "Aix-les-Bains FRA"]
[Date "2011.03.30"]
[Round "8.117"]
[White "Deleva, Michael"]
[Black "Sermier, Guillaume"]
[Result "0-1"]
[WhiteElo "2236"]
[BlackElo "2428"]
[EventDate "2011.03.22"]
[PlyCount "72"]

1.Nf3 d5 2.g3 Nf6 3.Bg2 c6 4.O-O Bg4 5.d3 e6 6.Nbd2 Nbd7 7.h3 Bh5 8.Qe1 
Be7 9.e4 dxe4 10.dxe4 e5 11.Nc4 Bxf3 12.Bxf3 O-O 13.a4 Qc7 14.Bg2 Rfe8 15.
Kh2 Bf8 16.a5 b5 17.axb6 axb6 18.Bg5 b5 19.Ne3 h6 20.Bxf6 Nxf6 21.Qc3 Rxa1
22.Rxa1 Qb6 23.Rd1 Qc5 24.Qb3 g6 25.c3 h5 26.Nc2 h4 27.Rf1 Rd8 28.Ne3 Rd2 
29.gxh4 Bh6 30.c4 bxc4 31.Nxc4 Rxf2 32.Rxf2 Qxf2 33.Qf3 Bf4+ 34.Kh1 Qe1+ 
35.Qf1 Qg3 36.Qg1 Nxe4 0-1

[Event "12th EUR-ch"]
[Site "Aix-les-Bains FRA"]
[Date "2011.03.30"]
[Round "8.118"]
[White "Rindlisbacher, Jan"]
[Black "Colin, Vincent"]
[Result "1-0"]
[WhiteElo "2198"]
[BlackElo "2427"]
[EventDate "2011.03.22"]
[PlyCount "81"]

1.d4 Nf6 2.c4 g6 3.Nc3 Bg7 4.e4 d6 5.Nf3 O-O 6.Be2 Na6 7.O-O e5 8.Re1 Qe8 
9.Bf1 Bg4 10.d5 Nb4 11.Be2 a5 12.Rb1 Na6 13.Bg5 Bd7 14.Nd2 h5 15.Bxf6 Bxf6
16.b3 c5 17.dxc6 bxc6 18.Nf1 Qb8 19.Qd2 Be6 20.Na4 Rd8 21.Ne3 Nc5 22.Nc3 
Bg5 23.Qc2 Qa7 24.Ned1 d5 25.cxd5 cxd5 26.Nxd5 Nxe4 27.Qxe4 Bxd5 28.Qxe5 
Bd2 29.Rf1 Qb7 30.Qg3 h4 31.Qh3 Be4 32.Ra1 Rac8 33.Bc4 Qe7 34.Ne3 Rc5 35.
Rad1 Rg5 36.Ng4 Bc2 37.Rxd2 Rxd2 38.Qc3 Qb4 39.Qf6 Qxc4 40.Nh6+ Kh7 41.
bxc4 1-0

[Event "12th EUR-ch"]
[Site "Aix-les-Bains FRA"]
[Date "2011.03.30"]
[Round "8.119"]
[White "Swiercz, Dariusz"]
[Black "Dolzhykova, Kateryna"]
[Result "1-0"]
[WhiteElo "2557"]
[BlackElo "2265"]
[EventDate "2011.03.22"]
[PlyCount "125"]

1.e4 c5 2.Nf3 d6 3.d4 cxd4 4.Nxd4 Nf6 5.Nc3 g6 6.Be2 Bg7 7.O-O O-O 8.Re1 
Nc6 9.Nb3 Be6 10.Bg5 a6 11.Bf1 b5 12.Nd5 Nd7 13.c3 Nde5 14.Nd4 h6 15.Be3 
Bd7 16.Nxc6 Bxc6 17.Bd4 Rc8 18.Qd2 Bxd5 19.exd5 Nc4 20.Bxc4 Rxc4 21.Bxg7 
Kxg7 22.Re3 Qd7 23.Rae1 Re8 24.b3 Rc5 25.Qd4+ Kh7 26.h4 h5 27.Re4 e5 28.
Rxe5 dxe5 29.Qxc5 Rc8 30.Qb6 Qxd5 31.Qxa6 Rxc3 32.Qf6 Rc5 33.b4 Rc6 34.
Qxe5 Qxe5 35.Rxe5 Rc1+ 36.Kh2 Rc2 37.a3 Ra2 38.Rxb5 Rxa3 39.Rc5 Rb3 40.b5 
Kg7 41.g3 Kf6 42.Kg2 Ke6 43.Rc6+ Kd7 44.Rb6 Ke7 45.Rb7+ Ke6 46.Rb8 f6 47.
b6 Kf7 48.Kf1 Rb2 49.Ke1 Kg7 50.f3 Rb3 51.Kd2 Rxf3 52.Rc8 Rb3 53.Rc7+ Kh6 
54.b7 g5 55.Kc2 Rb6 56.Kd3 Rb1 57.Kc4 Kg6 58.Rd7 f5 59.Kc5 Rc1+ 60.Kd6 Rb1
61.Kc7 Rc1+ 62.Kd8 Rb1 63.Rd6+ 1-0

[Event "12th EUR-ch"]
[Site "Aix-les-Bains FRA"]
[Date "2011.03.30"]
[Round "8.120"]
[White "Petrik, Tomas"]
[Black "Ermeni, Avni"]
[Result "1-0"]
[WhiteElo "2536"]
[BlackElo "2264"]
[EventDate "2011.03.22"]
[PlyCount "103"]

1.e4 Nf6 2.e5 Nd5 3.d4 d6 4.Nf3 Bg4 5.Be2 Nc6 6.c4 Nb6 7.e6 fxe6 8.Nc3 
Bxf3 9.Bxf3 g6 10.Bg4 Bg7 11.Be3 e5 12.d5 Nd4 13.Bxd4 exd4 14.Ne4 e5 15.
Be6 Qh4 16.Qe2 Nd7 17.Bxd7+ Kxd7 18.c5 a6 19.O-O Rhf8 20.g3 Qh5 21.Qc4 Qf5
22.cxd6 cxd6 23.Qb4 Rfb8 24.Qxd6+ Ke8 25.Rfe1 Rd8 26.Qb6 Kf8 27.Qxb7 Rab8 
28.Qxa6 Rxd5 29.Qd3 Kg8 30.b3 Kh8 31.a4 Bf8 32.Re2 Bb4 33.Rc1 Rd7 34.Kg2 
Rdb7 35.Rc6 Be7 36.Rb2 Rb4 37.a5 Qd7 38.Rcc2 Qd5 39.Rc4 Qxa5 40.Rxb4 Qxb4 
41.Qf3 Kg7 42.Nd2 Bg5 43.Nc4 Qc5 44.h4 Bf6 45.Ra2 Qe7 46.Nd2 Rf8 47.Qc6 
Bxh4 48.gxh4 Qxh4 49.Ne4 Qf4 50.Ra7+ Kh6 51.Kf1 Qf3 52.Rxh7+ 1-0

[Event "12th EUR-ch"]
[Site "Aix-les-Bains FRA"]
[Date "2011.03.30"]
[Round "8.121"]
[White "Stockmann, Michael"]
[Black "Prie, Eric"]
[Result "0-1"]
[WhiteElo "2255"]
[BlackElo "2508"]
[EventDate "2011.03.22"]
[PlyCount "36"]

1.d4 d5 2.c4 dxc4 3.e3 e5 4.Bxc4 Nc6 5.Nf3 e4 6.Nfd2 Qg5 7.g3 Nf6 8.h4 Qf5
9.Nc3 Bb4 10.Ne2 Be6 11.Bxe6 fxe6 12.a3 Bxd2+ 13.Bxd2 O-O-O 14.Qa4 Ng4 15.
Nf4 e5 16.Qb5 Rhf8 17.Nh3 Nxf2 18.d5 a6 0-1